Analysis for marketing planning / (Record no. 11149)

MARC details
000 -LEADER
fixed length control field 01353cam a2200325 a 4500
001 - CONTROL NUMBER
control field 15025708
005 - DATE AND TIME OF LATEST TRANSACTION
control field 20201128020723.0
008 - FIXED-LENGTH DATA ELEMENTS--GENERAL INFORMATION
fixed length control field 070927s2008 maua b 001 0 eng
010 ## - LIBRARY OF CONGRESS CONTROL NUMBER
LC control number 2007040349
020 ## - INTERNATIONAL STANDARD BOOK NUMBER
International Standard Book Number 9780071263634 (alk. paper)
020 ## - INTERNATIONAL STANDARD BOOK NUMBER
International Standard Book Number 0071263632 (alk. paper)
035 ## - SYSTEM CONTROL NUMBER
System control number (OCoLC)ocn173509457
035 ## - SYSTEM CONTROL NUMBER
System control number (OCoLC)173509457
Canceled/invalid control number (OCoLC)156810217
040 ## - CATALOGING SOURCE
Original cataloging agency DLC
Transcribing agency DLC
Modifying agency BTCTA
-- YDXCP
-- BAKER
-- C#P
-- BWX
-- DLC
043 ## - GEOGRAPHIC AREA CODE
Geographic area code n-us---
050 00 - LIBRARY OF CONGRESS CALL NUMBER
Classification number HF5415.13
Item number .L395 2008
082 00 - DEWEY DECIMAL CLASSIFICATION NUMBER
Classification number 658.802
Edition number 22
Item number LEH
100 1# - MAIN ENTRY--PERSONAL NAME
Personal name Lehmann, Donald R.
9 (RLIN) 2979
245 10 - TITLE STATEMENT
Title Analysis for marketing planning /
Statement of responsibility, etc Donald R. Lehmann, Russell S. Winer.
250 ## - EDITION STATEMENT
Edition statement 7th ed.
Remainder of edition statement McGraw-Hill- International edition.
260 ## - PUBLICATION, DISTRIBUTION, ETC. (IMPRINT)
Place of publication, distribution, etc Boston :
Name of publisher, distributor, etc McGraw-Hill Irwin,
Date of publication, distribution, etc c2008.
300 ## - PHYSICAL DESCRIPTION
Extent xii, 299 p. :
Other physical details ill. ;
Dimensions 24 cm.
504 ## - BIBLIOGRAPHY, ETC. NOTE
Bibliography, etc Includes bibliographical references and index.
650 #0 - SUBJECT ADDED ENTRY--TOPICAL TERM
Topical term or geographic name as entry element Marketing
Geographic subdivision United States
General subdivision Management.
9 (RLIN) 2980
700 1# - ADDED ENTRY--PERSONAL NAME
Personal name Winer, Russell S.
9 (RLIN) 2981
856 42 - ELECTRONIC LOCATION AND ACCESS
Materials specified Publisher description
Uniform Resource Identifier <a href="http://www.loc.gov/catdir/enhancements/fy0803/2007040349-d.html">http://www.loc.gov/catdir/enhancements/fy0803/2007040349-d.html</a>
856 41 - ELECTRONIC LOCATION AND ACCESS
Materials specified Table of contents only
Uniform Resource Identifier <a href="http://www.loc.gov/catdir/enhancements/fy0803/2007040349-t.html">http://www.loc.gov/catdir/enhancements/fy0803/2007040349-t.html</a>
942 ## - ADDED ENTRY ELEMENTS (KOHA)
Source of classification or shelving scheme Dewey Decimal Classification
Item type Book - Borrowing
Holdings
Withdrawn status Item status Source of classification or shelving scheme Damaged status Not for loan Vendor Home library Current library Shelving location Date acquired Source of acquisition Cost, normal purchase price Serial Enumeration / chronology Total Checkouts Full call number Barcode Date last seen Date last borrowed Koha item type
    Dewey Decimal Classification     Alahram Central Library Central Library First floor 31/03/2009   252.00 364 1 658.802 LEH 000015819 15/07/2025 19/10/2011 Book - Borrowing